Le Soldat Rose - Personnages - Statistiques

Statistiques générales
  • Ce quiz a été pris 66 fois
  • Le résultat moyen est 9 sur 14
Statistiques - réponses
Interprète (2006) Personnage Exemple de chansons % Correct
Matthieu Chedid Le Soldat rose Chanson éponyme, À demi-mot
98%
Shirley La Reine Chien et Chat
84%
Francis Cabrel Le Gardien de nuit Chanson éponyme
84%
Dino Le Roi Chien et Chat
84%
Sanseverino Le conducteur de train Tout le monde se presse
79%
Albin de la Simone Cousin Puzzle Comme les pièces d'un ______
77%
Catherine Jacob La Voix du grand magasin Narration
75%
Vanessa Paradis Made in Asia Chanson éponyme
61%
Louis Chedid La Panthère noire en peluche Chanson éponyme
59%
Alain Souchon L'Homme de ménage Lunettes bleues, lunettes roses
55%
Raoul Le Pennec Joseph Le monde des grands est trop petit
54%
Jeanne Cherhal Betty Quette La Valse des étiquettes
52%
Bénabar Le Petit Chimiste Pour faire la colle à cœur brisé
48%
Céline Bary La Fiancée du Soldat rose Love, Love, Love
21%
Aucun quiz correspondant
Distribution des résultats
% des personnes avec chaque résultat
Percentile par nombre de réponses
Votre historique - résultats
Vous n’avez pas pris ce quiz